Statistics for 日本に三か所以上ある駅名

Click here to take the quiz!

General Stats

  • This quiz has been taken 263 times
  • The average score is 14 of 86

Answer Stats

都道府県駅名% Correct
北海道|千葉県|長野県|愛知県|和歌山県|広島県|愛媛県|鹿児島県市役所前
64%
千葉県|富山県|兵庫県|広島県|愛媛県|高知県|沖縄県県庁前
59%
福島県|大阪府|大阪府福島
40%
愛知県|兵庫県|岡山県
38%
秋田県|東京都|京都府|兵庫県大久保
37%
京都府|大阪府|奈良県九条
36%
東京都|岐阜県|大阪府山田
35%
新潟県|京都府|香川県三条
34%
神奈川県|新潟県|奈良県|香川県|福岡県|長崎県高田
34%
東京都|石川県|香川県高松
34%
東京都|広島県|徳島県府中
31%
神奈川県|京都府|和歌山県|福岡県橋本
29%
群馬県|愛知県|兵庫県神戸
26%
群馬県|東京都|山梨県|福岡県赤坂
26%
東京都|京都府|京都府十条
25%
北海道|秋田県|三重県|滋賀県追分
25%
群馬県|東京都|長野県中野
25%
北海道|愛知県|福岡県金山
25%
滋賀県|大阪府|兵庫県柏原
24%
富山県|三重県|鳥取県
23%
静岡県|愛知県|香川県
23%
岩手県|新潟県|愛知県青山
23%
北海道|北海道|宮城県|熊本県白石
22%
北海道|大阪府|熊本県池田
22%
静岡県|愛知県|大阪府清水
21%
東京都|大阪府|兵庫県|兵庫県|長崎県|熊本県住吉
21%
長野県|滋賀県|京都府|兵庫県|長崎県小野
21%
大阪府|兵庫県|兵庫県長田
21%
大阪府|大阪府|大分県中津
20%
北海道|千葉県|東京都|富山県|愛知県栄町
20%
愛知県|大阪府|奈良県桜井
19%
北海道|千葉県|富山県|広島県|香川県|佐賀県大町
19%
宮城県|福島県|埼玉県|京都府新田
17%
岩手県|宮城県|鹿児島県川内
16%
青森県|神奈川県|徳島県中田
16%
千葉県|岡山県|広島県大原
15%
長野県|愛知県|広島県|福岡県本郷
15%
埼玉県|静岡県|大阪府大和田
14%
兵庫県|福岡県|大分県別府
14%
愛知県|兵庫県|熊本県国府
13%
東京都|新潟県|香川県白山
13%
東京都|長野県|滋賀県日野
13%
北海道|群馬県|愛知県|愛媛県新川
13%
茨城県|島根県|愛媛県高浜
12%
北海道|千葉県|奈良県学園前
12%
愛知県|高知県|高知県朝倉
12%
埼玉県|愛知県|奈良県三郷
12%
栃木県|兵庫県|香川県岡本
12%
神奈川県|愛知県|兵庫県|香川県|佐賀県黒川
12%
栃木県|三重県|大阪府富田
12%
愛知県|岐阜県|福岡県赤池
11%
静岡県|愛知県|福岡県八幡
11%
北海道|愛知県|京都府山崎
11%
宮城県|東京都|兵庫県山下
11%
北海道|兵庫県|兵庫県御影
10%
福島県|愛知県|愛知県植田
10%
兵庫県|兵庫県|福岡県市場
10%
新潟県|三重県|京都府加茂
10%
埼玉県|愛知県|山口県戸田
9%
千葉県|兵庫県|宮崎県小林
9%
宮城県|栃木県|京都府|高知県北山
8%
愛知県|香川県|長崎県本山
8%
岩手県|長野県|滋賀県|高知県平田
8%
福島県|大阪府|大阪府|兵庫県平野
8%
北海道|埼玉県|愛知県日進
7%
愛知県|京都府|山口県岩倉
7%
東京都|愛知県|福岡県森下
7%
東京都|愛知県|広島県牛田
7%
愛知県|大阪府|福岡県今池
6%
愛知県|滋賀県|高知県篠原
6%
京都府|京都府|兵庫県木幡
6%
千葉県|三重県|長崎県松尾
6%
福島県|富山県|三重県大泉
6%
東京都|愛知県|広島県大門
6%
埼玉県|三重県|兵庫県丸山
5%
秋田県|山口県|長崎県神代
5%
秋田県|愛知県|鹿児島県白沢
5%
愛知県|広島県|愛媛県土橋
4%
大阪府|兵庫県|広島県古市
4%
宮城県|富山県|宮崎県旭ヶ丘
4%
山形県|新潟県|広島県宮内
4%
岩手県|長野県|愛媛県柳原
4%
東京都|富山県|広島県稲荷町
4%
北海道|東京都|兵庫県緑が丘
3%
京都府|岡山県|山口県常盤
3%
北海道|東京都|富山県末広町
2%

Score Distribution

Percentile by Number Answered

Percent of People with Each Score

Your Score History

You have not taken this quiz